[Event "EU-Cup 09th Group6"]
[Site "Clichy"]
[Date "1993.09.17"]
[Round "1"]
[White "Hjartarson, Johann"]
[Black "Santos, Jose Pereira"]
[Result "1-0"]
[WhiteElo "2605"]
[BlackElo "2375"]
[Annotator "Ftacnik,L"]
[PlyCount "61"]
[EventDate "1993.09.17"]
[EventType "team-k.o."]
[EventRounds "3"]
[EventCountry "FRA"]
[SourceTitle "EXT 2020"]
[Source "ChessBase"]
[SourceDate "2019.10.17"]
[SourceVersion "1"]
[SourceVersionDate "2019.10.17"]
[SourceQuality "1"]
[WhiteTeam "Muenchen Bayern"]
[BlackTeam "Lisbon TLP"]
[WhiteTeamCountry "GER"]
[BlackTeamCountry "POR"]

1. c4 c6 2. d4 d5 3. Nc3 Nf6 4. Nf3 g6 5. Bg5 Bg7 6. e3 O-O 7. Qb3 dxc4 8. Bxc4
Nbd7 9. O-O (9. Ne5 $5 Nxe5 (9... e6 10. O-O $14) 10. dxe5 Ng4 11. e6 f5 (11...
Ne5 12. exf7+ Nxf7 13. Rd1 Qe8 $14) 12. Rd1 Qc7 13. Bf4 Ne5 14. O-O $14) 9...
Qa5 10. h3 Nb6 (10... b5 11. Bd3 b4 12. Na4 c5 13. dxc5 Nxc5 14. Nxc5 Qxc5 15.
Rac1 $14) 11. Be2 Be6 12. Qc2 c5 (12... Bc4 13. Bxc4 (13. e4 $5 $14) 13... Nxc4
14. Bxf6 exf6 15. Rad1 f5 $13) 13. Bxf6 Bxf6 (13... exf6 14. Rfd1 Rfd8 15. a3
cxd4 16. exd4 $14) 14. Ne4 cxd4 15. Nxf6+ exf6 16. Nxd4 Bd5 (16... Rac8 17. Qb1
Bd5 18. b4 Qa3 19. Rd1 $36) 17. Qc7 $1 Rac8 18. Qf4 Kg7 (18... f5 19. g4 fxg4
20. hxg4 $14) 19. b4 Qa3 (19... Qxb4 $4 20. Nf5+ $18) 20. e4 Bc4 21. Rfe1 Bxe2
(21... Qxb4 22. e5 Qe7 23. Bf3 $40) 22. Rxe2 Qc3 (22... Qxb4 23. e5 Qe7 24. e6
$36) 23. Rd1 Nc4 24. h4 h5 (24... Qxb4 25. h5 $36) 25. g4 hxg4 (25... Rh8 26.
g5 fxg5 27. Ne6+ Kg8 28. Nxg5 $40) 26. h5 Rh8 27. Rc2 Qxb4 28. h6+ Kg8 (28...
Rxh6 29. Ne6+ fxe6 30. Rd7+ Kg8 31. Qxh6 $18) 29. Qxf6 Rh7 (29... Rxh6 30. Nf5
gxf5 31. Qxh6 $18) 30. Nf5 gxf5 31. Rxc4 $1 (31. Rxc4 $1 Qxc4 32. Rd8+ Rxd8 33.
Qxd8#) 1-0

[Event "RUS-chT 07th"]
[Site "Smolensk"]
[Date "2000.04.18"]
[Round "4"]
[White "Sergienko, Sergey"]
[Black "Nevostrujev, Vladimir"]
[Result "0-1"]
[WhiteElo "2425"]
[BlackElo "2472"]
[Annotator "Ftacnik,L"]
[PlyCount "80"]
[EventDate "2000.04.15"]
[EventType "team-tourn"]
[EventRounds "11"]
[EventCountry "RUS"]
[SourceTitle "CBM 077"]
[Source "ChessBase"]
[SourceDate "2000.07.27"]
[SourceVersion "1"]
[SourceVersionDate "2000.07.27"]
[SourceQuality "1"]
[WhiteTeam "Voronezh OShK"]
[BlackTeam "Novokuznetsk"]
[WhiteTeamCountry "RUS"]
[BlackTeamCountry "RUS"]

1. d4 Nf6 2. c4 g6 3. Nc3 d5 4. Nf3 Bg7 5. Bg5 dxc4 6. e3 Be6 7. Ne5 Nd5 8.
Nxc4 c5 9. Ne4 h6 {This move is quite double edged, natural 9...cxd4 is good
enough and might be preferred in the future.} 10. Ncd6+ (10. Ned6+ $5 Kf8 11.
Nxb7 Qc7 12. Nxc5 hxg5 13. Nxe6+ fxe6 14. Qg4 $36) 10... Kf8 11. Nxb7 Qb6 12.
Nbxc5 hxg5 13. Nxg5 $6 {Black's white squared bishop was valuable, so it made
sense to get rid of him for the knight.} (13. Nxe6+ Qxe6 14. Nxg5 Qf5 15. Rc1
Nd7 16. Nf3 $13) 13... Bf5 14. Bd3 (14. e4 $2 Qxb2 15. exd5 (15. exf5 Qc3+ 16.
Ke2 Nf4#) 15... Bxd4 $19) 14... Bxd3 (14... Qxb2 $5 15. Bxf5 gxf5 (15... Nc3 $2
16. Nd3 $1 $18) 16. Rb1 Qc3+ 17. Kf1 Qc4+ $17) 15. Qxd3 (15. Nxd3 $5 Nd7 (15...
Nxe3 $6 16. Qf3 $1) 16. Qa4 Rd8 17. Rc1 $13) 15... Qb4+ (15... Qxb2 16. Rb1
Qxa2 17. O-O $36) 16. Qd2 (16. Kf1 Qxb2 17. Qb1 (17. Nce6+ Kg8 (17... fxe6 18.
Rb1 Qxa2 19. Qxg6 $18) 18. Rb1 Qxa2 19. Nd8 Nf6 20. Ndxf7 Ng4 $19) 17... Qc3
$17) 16... e5 $1 {Excellent move that undermines white's central pawn
structure.} 17. e4 (17. Rd1 exd4 18. exd4 Nc6 $17) 17... exd4 (17... Qxd2+ $5
18. Kxd2 Nb6 19. dxe5 Bxe5 20. Nd3 Bf6 $17) 18. Nge6+ $1 (18. exd5 Qxc5 19. Rc1
Qxd5 20. Qb4+ Ke8 $1 $19) 18... fxe6 19. Nxe6+ Kf7 20. exd5 Na6 21. a3 (21. Rc1
Rac8 $17) 21... Qxd2+ 22. Kxd2 Rac8 (22... Rh5 23. Nxg7 Kxg7 24. Rae1 Rf8 25.
Re7+ Rf7 26. d6 Rd5 27. Rhe1 Rxd6 28. b4 Nc7 $17) 23. Rac1 (23. Nxg7 Kxg7 24.
Rae1 Nc5 25. Re7+ Kf6 26. d6 Rhd8 27. Rhe1 Rxd6 28. Rxa7 d3 $19) 23... Bh6+ 24.
f4 Nc7 $1 25. Nxc7 (25. Rxc7+ Rxc7 26. Nxc7 Bxf4+ 27. Kd3 Bxc7 28. h3 Bb6 $17)
25... Bxf4+ 26. Kd3 Bxc7 {The pawns are quite reduced, but black retains
excellent winning chances with his spare piece.} (26... Bxc1 27. Rxc1 Rxh2 28.
Rc2 Ke7 29. Kxd4 Kd7 30. d6 Kxd6 31. Nb5+ Kd7 32. Rd2 $17) 27. Rhf1+ (27. Rc6
Bb6 28. Rf1+ Kg7 29. h3 Rhf8 $17) 27... Ke7 (27... Kg7 28. h3 Bb6 $17) 28.
Rce1+ (28. Kxd4 Bb6+ 29. Kd3 Rxc1 30. Rxc1 Rxh2 $19) 28... Kd6 29. Re6+ (29.
Kxd4 Bb6+ 30. Kd3 Kxd5 $19) 29... Kxd5 30. Rxg6 Rhe8 (30... Rb8 31. b4 Rbe8 32.
Rf5+ Re5 33. Rxe5+ Bxe5 $17) 31. Rf5+ Re5 32. Rxe5+ (32. Rf3 Rce8 $19) 32...
Bxe5 33. h3 (33. Ra6 Rc7 34. Ra5+ Ke6 $17) 33... Rb8 $1 34. b4 (34. Ra6 Rb3+
35. Kc2 Rg3 36. Ra5+ Ke4 $19) 34... Rc8 35. Ra6 Rc3+ 36. Ke2 (36. Kd2 Bf4+ 37.
Ke1 d3 $19) 36... d3+ 37. Kd2 Kd4 38. Rxa7 Bf4+ 39. Ke1 d2+ 40. Ke2 Re3+ $1 (
40... Re3+ $1 41. Kxd2 Rxa3+ $19) 0-1

[Event "ARM-ROW m"]
[Site "Moscow"]
[Date "2004.06.11"]
[Round "2"]
[White "Lputian, Smbat G"]
[Black "Svidler, Peter"]
[Result "0-1"]
[WhiteElo "2634"]
[BlackElo "2733"]
[Annotator "Ftacnik,L"]
[PlyCount "82"]
[EventDate "2004.06.10"]
[EventType "team"]
[EventRounds "6"]
[EventCountry "RUS"]
[SourceTitle "CBM 102"]
[Source "ChessBase"]
[SourceDate "2004.09.23"]
[SourceVersion "1"]
[SourceVersionDate "2004.09.23"]
[SourceQuality "1"]
[WhiteTeam "Armenia"]
[BlackTeam "Rest of the World"]
[WhiteTeamCountry "ARM"]

1. d4 Nf6 2. c4 g6 3. Nc3 d5 4. Bg5 Ne4 5. Bh4 Nxc3 6. bxc3 Bg7 7. e3 c5 8.
cxd5 cxd4 9. cxd4 Qxd5 10. Nf3 Nc6 11. Be2 e5 12. dxe5 Qa5+ 13. Qd2 Qxd2+ 14.
Kxd2 Nxe5 15. Rab1 Nc6 $5 $146 {[%mdl 8] Svidler is the strongest player, who
consequently defends and enrichesthe Gruenfeld defence these days. The logical
retreat of the knight preventing Nd4 is new.} (15... O-O 16. Nd4 h6 (16... Nc6
17. Nxc6 bxc6 18. Rhc1 Be6 (18... Bf5 19. Bd3 Be6 20. Bc4 Rfe8 21. Rb7 a5 22.
Bxe6 Rxe6 23. Rc4 {1/2-1/2 Pytel,K-Beliavsky,A/Le Havre 1977/ (70)}) (18... h6
19. Rxc6 g5 20. Bg3 Rd8+ (20... Bf5 21. Bd3 Rfd8 22. Rd6 Bf8 23. Rd4 Be6 24. a4
Bc5 25. Rxd8+ Rxd8 26. Rb8 Rxb8 27. Bxb8 {1-0 Lukov,V-Dausch,R/Cappelle la
Grande 1995/ (59)}) 21. Rd6 Be6 22. a4 a5 23. Rxd8+ Rxd8+ 24. Bd3 Bd7 25. Bc7
Rc8 26. Bxa5 Bxa4 27. Be4 {1/2-1/2 Van der Sterren,P-Beliavsky,A/Munich 1990/ 
(61)}) 19. Bc4 Rfe8 20. Rb7 Bf8 21. f4 c5 22. e4 Reb8 23. Rxb8 Rxb8 24. Bxe6
fxe6 25. Bf2 Rb4 26. Kd3 Ra4 27. Bxc5 Rxa2 28. Bxf8 Kxf8 29. Kd4 {1-0
Gheorghiu,F-Jansa,V/Sochi 1976/ (41)}) 17. f4 g5 18. fxg5 Ng6 19. Bg3 hxg5 20.
Bc7 Nh4 21. Rb5 Bf6 22. Rg1 Kg7 23. g3 Ng6 24. Bf3 a6 25. Rb6 {1-0 Benko,
P-Pinter,J/Szolnok 1975/ (40)}) 16. Rhc1 O-O 17. Bc4 (17. Ba6 Na5 18. Be2 Be6
$11) 17... h6 18. Ke2 (18. h3 g5 19. Bg3 Rd8+ 20. Ke2 $14) 18... Bf5 $5 (18...
g5 19. Bg3 g4 20. Nd2 Rd8 21. Bd3 $14) 19. Rxb7 Na5 20. Rc7 (20. Rxf7 $5 Rxf7
21. Bxf7+ Kxf7 22. Rc5 Rb8 23. e4 (23. Rxa5 Rb2+ 24. Nd2 (24. Kd1 Rb1+ 25. Kd2
Rb2+ $11) 24... Bc3 25. Rd5 Rxa2 $11) 23... Bxe4 24. Rxa5 Rb7 $11) 20... Nxc4
21. R1xc4 Rfb8 {This was the position black had in mind when he sacrificed the
pawn. Two bishops and active pieces promise good chances for a draw.} 22. Nd4
$6 (22. a4 Rb2+ 23. Ke1 Rb1+ 24. Rc1 Rab8 25. Be7 $14) 22... Be4 $1 23. Nb5 (
23. f3 Rb2+ 24. Kd1 Bd5 25. Rc2 Rxa2 26. Bf2 $11) 23... Bxg2 (23... Rxb5 $2 24.
Rxe4 Rb2+ 25. Kf3 Rxa2 26. Ree7 a5 27. Bg3 a4 28. Rxf7 Rf8 29. Rxf8+ Kxf8 30.
e4 $16) 24. Rxa7 (24. Nxa7 Rb2+ 25. Ke1 Rxa2 $17) (24. Nd6 $5 Rb2+ 25. Rc2 Rab8
26. Bg3 Bd5 27. a4 $11) 24... Rxa7 25. Nxa7 Rb2+ 26. Ke1 (26. Kd3 $2 Bf1+ $19)
26... Bf3 {Peter is not happy with nominal advantage after 26...Rxa2 and tries
something more ambitious instead.} (26... Rxa2 27. Nb5 g5 28. Bg3 h5 29. h4 $15
) 27. a4 Re2+ 28. Kf1 (28. Kd1 $2 Rxf2+ 29. Ke1 Rxh2 $19) 28... g5 29. Bg3 Bb2
$5 (29... Rd2 30. Rc1 Ra2 31. Nb5 Rxa4 32. Nd4 $15) 30. Bd6 (30. Rc8+ Kh7 31.
Rd8 Rc2 $19) 30... Rd2 31. Bb4 Rd1+ 32. Be1 Be5 33. Nb5 $2 {Lputian sacrifices
"h" pawn for some mysterious reason, but now black has fair chances to try for
win.} (33. h3 Ra1 34. Nc6 (34. Nb5 f6 35. a5 Kf7 $13) 34... Bd6 35. e4 Bf4 36.
Rd4 Kg7 $13) 33... Bxh2 34. Nd4 (34. a5 Ra1 $17) 34... Bb7 35. Rb4 (35. Ke2 Ra1
36. Bc3 Ra2+ $17) 35... Ba6+ 36. Kg2 Bc7 (36... Rxe1 $2 37. Kxh2 $11) 37. Bc3
h5 38. Nb5 (38. f3 Rd3 39. Be1 Rxe3 $17) 38... Bb6 39. Nd4 (39. Bf6 Ba5 40. Rc4
Bb7+ 41. e4 g4 $15) 39... Bf1+ 40. Kf3 (40. Kg1 Bc7 41. Nf3 Ba6+ 42. Kg2 g4 $17
) 40... Bc7 41. a5 $2 {White have missed the beautiful shot by black, suddenly
white king is in the mating net.} (41. Rb7 g4+ 42. Ke4 Bg2+ 43. f3 Bd6 44. Rb5
$15) 41... f5 $1 (41... f5 $1 42. Nxf5 g4+ 43. Rxg4+ (43. Ke4 Bg2+ 44. f3 Bxf3#
) 43... hxg4+ 44. Kxg4 Be2+ $19) 0-1

[Event "Alushta3"]
[Site "Alushta"]
[Date "1994.??.??"]
[Round "8"]
[White "Fish, Gennadij"]
[Black "Beshukov, Sergei"]
[Result "0-1"]
[WhiteElo "2445"]
[BlackElo "2480"]
[Annotator "Ftacnik,L"]
[PlyCount "98"]
[EventDate "1994.??.??"]
[EventType "tourn"]
[EventRounds "11"]
[EventCountry "UKR"]
[EventCategory "8"]
[SourceTitle "CBM 041"]
[Source "ChessBase"]
[SourceDate "1994.08.01"]
[SourceVersion "1"]
[SourceVersionDate "1994.08.01"]
[SourceQuality "1"]

1. d4 Nf6 2. c4 g6 3. Nc3 d5 4. Nf3 Bg7 5. Bg5 Ne4 6. cxd5 Nxg5 7. Nxg5 e6 8.
Qd2 exd5 9. Qe3+ Kf8 10. Qf4 Qf6 11. Qxf6 (11. Qxc7 Na6 12. Qg3 Nb4 13. O-O-O
Bf5 (13... h6 14. Nf3 Qc6 15. Kd2 Bf5 16. Rc1 Qb6 17. e3 Nxa2 18. Nxa2 Qxb2+
19. Ke1 Qxa2 20. Qd6+ Kg8 21. Qe7 Bf8 22. Qxb7 Qa3 23. Qxa8 Qxc1+ 24. Ke2 Qc2+
25. Ke1 $19 {Crocker,P-Hjelmas,L/Gausdal Peer-Gynt/1990/0-1 (27)}) 14. a3 a5
15. axb4 axb4 16. Nb5 Bh6 17. h4 Kg7 18. Qe5 Rhc8+ 19. Kd2 Rc2+ 20. Ke1 Rxb2
21. Qxf6+ Kxf6 22. Nc7 Ra5 23. e4 dxe4 24. d5 e3 $1 25. f4 $2 {Chatalbashev,
B-Shmuter,L/Sofia/1989/0-1 (34)}) 11... Bxf6 12. Nf3 c6 (12... Be6 13. Rc1 c6
14. e3 Nd7 15. Be2 Kg7 16. O-O Rac8 (16... Rhc8 $6 17. Rfd1 Be7 18. Ne1 b5 $2
19. Nd3 Bd6 20. Bf3 $1 Nf6 21. Ne2 Bf5 22. Nc5 Nd7 $2 23. Nb7 $1 $16 {Lobron,
E-Azmayparashvili,Z/Beijing/1988/1-0 (73)}) 17. Rfd1 g5 18. Ne1 Rhd8 19. b4 Be7
20. Nd3 b6 21. Na4 Rc7 22. Rc3 Rdc8 23. Rdc1 f6 24. R3c2 Bd6 25. Nc3 $10 {
Crocker,P-Hjelmas,L/Gausdal/1990/0-1 (51)}) 13. e3 Bf5 14. Kd2 (14. Be2 a5 15.
O-O Nd7 16. Ne1 (16. Rfc1 Kg7 17. Ne1 Be7 18. Nd3 a4 19. Nf4 Bd6 20. g3 h5 21.
Bd3 Bxd3 22. Nxd3 h4 23. Nb1 hxg3 24. hxg3 Rh6 25. Nd2 $10 {Peters,
C-Michaelsen,N/Hamburg-ch/1989/0-1 (41)}) 16... h5 17. Bd3 Bxd3 18. Nxd3 Kg7
19. Na4 Be7 20. Rfc1 Bd6 21. a3 Rhc8 22. Rc2 Kf8 23. Rac1 Ke7 24. Kf1 Re8 25.
h3 $10 {Indjic,D-Krnic,Z/Belgrade GMA-op/1988/0-1 (56)}) 14... Nd7 15. Bd3 Bg4
(15... Bxd3 16. Kxd3 a5 17. Rhc1 Be7 18. Na4 Bd6 19. Rc2 Ke7 20. Rac1 f5 21. h3
Rhe8 22. Nd2 Nf6 23. Nc5 Ra7 24. f3 a4 25. b3 $10 {Safyanovsky,M-Jasnikowski,Z/
Moscow3/1991/0.5 (37)}) 16. Be2 Nb6 17. Rhc1 Kg7 18. Ne1 Bf5 19. b3 Be7 20. a4
(20. a3 a5 {xa3}) 20... a5 21. Nd3 Rhd8 (21... Bxd3 22. Bxd3 Bb4 $10) 22. Bf3
Nd7 23. Nf4 Bd6 24. g3 Nf6 25. Nd1 Ra6 $1 26. Nb2 Rb6 27. Bd1 $8 (27. Kc3 $4
Bb4#) 27... Bb4+ 28. Ke2 Ne4 29. Nbd3 Nc3+ 30. Kf1 g5 $1 31. g4 (31. Nxb4 Nxd1
32. Nfd3 Nxe3+ 33. fxe3 axb4 $17) 31... gxf4 (31... Bxd3+ 32. Nxd3 Nxd1 33.
Rxd1 Bd6 34. Rab1 Bxh2 $17) 32. gxf5 Nxd1 33. Rxd1 fxe3 34. fxe3 Bd6 35. Rab1
Bxh2 36. Kg2 Bd6 37. Kf3 h5 38. Rh1 Rh8 (38... Kh6 $2 39. Nf4 Bxf4 40. Kxf4 Re8
41. Rxh5+ $1) 39. Nf4 Bxf4 40. Kxf4 Kf6 41. Rh4 Rb4 42. Rb2 c5 43. Rd2 cxd4 44.
Rxd4 (44. exd4 Rxb3 $19) 44... Rxd4+ 45. exd4 Re8 46. Rxh5 Re4+ 47. Kf3 Rxd4
48. Rh6+ Kxf5 49. Rd6 (49. Rb6 Rb4 $19) 49... Ke5 (49... Ke5 50. Rd7 Rd3+ 51.
Ke2 Rxb3 52. Rxf7 Rb4 $19) 0-1

[Event "Vienna"]
[Site "Vienna"]
[Date "1991.??.??"]
[Round "4"]
[White "Schroll, Gerhard"]
[Black "Epishin, Vladimir"]
[Result "0-1"]
[WhiteElo "2370"]
[BlackElo "2615"]
[Annotator "Ftacnik,L"]
[PlyCount "60"]
[EventDate "1991.10.??"]
[EventType "tourn"]
[EventRounds "9"]
[EventCountry "AUT"]
[EventCategory "12"]
[SourceTitle "CBM 026"]
[Source "ChessBase"]
[SourceDate "1992.02.01"]
[SourceVersion "1"]
[SourceVersionDate "1992.02.01"]
[SourceQuality "1"]

1. d4 Nf6 2. c4 g6 3. Nc3 d5 4. Nf3 Bg7 5. Bg5 Ne4 6. cxd5 Nxg5 7. Nxg5 e6 8.
Qd2 exd5 9. Qe3+ Kf8 10. Qf4 Bf6 11. h4 h6 12. Nf3 Kg7 13. O-O-O Be6 14. e4
dxe4 15. Nxe4 (15. d5 Bxc3 16. dxe6 (16. bxc3 Bf5 17. g4 Bxg4 18. Qxg4 exf3 19.
Qxf3 Qf6 $15 {Mishuchkov-Muchin/URS/1974/}) 16... Qf6 17. Qxe4 Bxb2+ 18. Kb1
Ba3 19. Qc2 Nc6 20. Bc4 Rhd8 21. Qb3 Na5 22. Qxa3 Nxc4 $17 {Dankert,P-Wegner,H/
Hamburg ch/1988/}) 15... Bxa2 $5 {N} (15... c6 16. g4 $6 Nd7 17. Ne5 Qb8 18.
Nxf6 Nxf6 $15 {Holmov,R-Jansa,V/Sukhumi/1972/}) 16. g4 (16. Ne5 Nc6 $15) 16...
Nd7 17. Bd3 (17. Ne5 Bxe5 18. dxe5 Qe7 $17) 17... c5 $1 18. Bb5 (18. dxc5 Qa5
$40) 18... Bd5 (18... cxd4 $2 19. Bxd7 Rc8+ 20. Bxc8 Qxc8+ 21. Kd2 $18) 19.
dxc5 (19. Bxd7 Bxe4 20. dxc5 Qe7 $17) 19... Bxe4 20. Rxd7 (20. Qxe4 Nxc5 21.
Rxd8 Nxe4 22. Rxh8 Rxh8 $17) 20... Qa5 21. Rxf7+ (21. Qxe4 Qxb5 22. Rxb7 Qxc5+
23. Kb1 Rab8 $40) 21... Kxf7 22. Ne5+ Ke7 (22... Kg7 23. Qxe4 $40) 23. Nxg6+ (
23. Qxe4 Qxb5 24. Nxg6+ Kf7 $19) 23... Bxg6 24. Qd6+ Kf7 25. Bc4+ Kg7 26. Qd7+
Kf8 27. Qd6+ Be7 28. Qxg6 Qa1+ 29. Kc2 (29. Kd2 Qxb2+ 30. Ke1 Qc3+ $19) 29...
Qa4+ 30. Kb1 (30. Bb3 Qf4 $19) 30... Qxc4 {Ftacnik,L} 0-1

[Event "Interzonal-15"]
[Site "Manila"]
[Date "1990.??.??"]
[Round "11"]
[White "Seirawan, Yasser"]
[Black "Ftacnik, Lubomir"]
[Result "1/2-1/2"]
[WhiteElo "2635"]
[BlackElo "2550"]
[Annotator "Ftacnik,L"]
[PlyCount "81"]
[EventDate "1990.06.29"]
[EventType "swiss"]
[EventRounds "13"]
[EventCountry "PHI"]
[SourceTitle "CBM 019"]
[Source "ChessBase"]
[SourceDate "1990.12.01"]
[SourceVersion "1"]
[SourceVersionDate "1990.12.01"]
[SourceQuality "1"]

1. d4 Nf6 2. Nf3 g6 3. c4 Bg7 4. Nc3 d5 5. Bg5 Ne4 6. cxd5 Nxg5 7. Nxg5 e6 8.
Nf3 exd5 9. e3 Qd6 (9... O-O) (9... a5) 10. Bd3 (10. Be2 O-O 11. O-O) 10... O-O
11. O-O c6 12. Rb1 $5 (12. a3) 12... Bg4 (12... a5 13. Na4 (13. a3 Be6 14. b4)
13... Bg4 14. Nb6 Ra7 15. h3 Bxf3 16. Qxf3 Nd7 $10) 13. b4 (13. h3 Bxf3 14.
Qxf3 a5) 13... Nd7 14. a4 $6 (14. h3 Bxf3 (14... Be6 $5) 15. Qxf3 f5 16. g3 $14
) 14... f5 $1 15. Ne2 (15. b5 f4 16. bxc6 bxc6 17. e4 Bxd4) (15. g3 f4 16. gxf4
Bxd4 $1) (15. h3 Bxf3 16. Qxf3 f4 $132) 15... f4 $1 16. exf4 $1 (16. Nxf4 Bxd4
(16... g5 $2 17. Bxh7+ $1 $18) (16... Bh6 $5 17. Ne2 (17. g3 g5 18. Bxh7+ Kh8
$1 19. Ng6+ Kg7 $1 20. Nxf8 Rxf8 $19) 17... Rxf3 $1 18. gxf3 Bxf3 19. h3 Qe6
20. Kh2 $13 Bf8) 17. Be2 (17. Bxg6 hxg6 (17... Rxf4 18. Bxh7+ Kxh7 19. exf4
Bxf3 20. Qxf3 $13) (17... Bxf3 $5 18. Bxh7+ Kxh7 19. Qxf3 Bg7 20. Qh3+ Bh6 $15)
18. Qxd4 Bxf3 19. gxf3 Ne5 20. Kg2 Rf5 $40) 17... Bg7 18. b5 Bf5) 16... Bxf3
17. gxf3 Nf6 (17... Bh6 $6 18. f5) 18. f5 Nh5 19. Qd2 (19. Kh1 Nf4 20. Nxf4
Qxf4 21. fxg6 hxg6 22. Rg1 Qxf3+ 23. Qxf3 Rxf3 24. Bxg6 Rxf2 25. Rg4 Raf8 26.
Rbg1 Rf1 27. Bh7+ Kh8 $1 28. Rxg7 Rxg1+ 29. Rxg1 Kxh7) (19. Qc1 Rae8 20. Kh1
Rxe2 $1 21. Bxe2 Nf4 22. Qe3 Rxf5 $36) 19... gxf5 20. Kh1 Qh6 (20... Bh6 $5 21.
Qc2 Nf4 22. Rg1+ Kh8 23. Ng3 Nxd3 24. Qxd3 Qg6 $1 $15 {Seirawan}) 21. f4 (21.
Qxh6 Bxh6 22. Rg1+ Kh8 23. b5 Rf7 $13 (23... Nf4 24. Nxf4 Bxf4 25. bxc6 bxc6
26. Rb7 $40)) 21... Kh8 (21... Nf6 $6 22. f3 $1) 22. Rg1 Rf7 23. Qe3 (23. Rg5
Bf6 24. Rg2 (24. Rxf5 Ng7) 24... Be7 25. Rbg1 Bd6 26. Rg5 Rg7 27. Rxf5 (27.
Bxf5 Bxf4 $1) 27... Rxg1+ 28. Kxg1 Rf8) 23... Nf6 24. Bxf5 (24. Qe6 Ng4 25.
Qxh6 Bxh6 26. Rbf1 Re8) (24. f3 Re8 25. Qf2 Nh5 $132) 24... Re8 25. Qf3 (25.
Be6 $2 Ng4 26. Rxg4 Qxe6 27. Rb3 Rfe7 $17) 25... Qh5 (25... Nh5 $6 26. Rg5 Nxf4
27. Qxf4 Rxe2 28. Rbg1 $40) 26. Bg4 Nxg4 27. Rxg4 Rfe7 28. Ng1 (28. Ng3 $2 Qh3)
(28. f5 Rxe2 29. f6 R2e4 $1 30. Rbg1 Rxd4 $1 31. fxg7+ Kg8 $17) (28. Nc3 Qf5
29. Rd1) 28... Qf5 29. Rd1 Rf8 (29... Re4 30. Nh3 Rxd4 31. Rdg1 $40) (29... Qe4
30. Qxe4 Rxe4 31. Nf3 Rf8 32. Kg2 Rfxf4 33. Rxf4 Rxf4 34. b5 $10) 30. Nh3 (30.
Qg3 Bh6 31. Nh3 Rg7 32. Rg1 Rxg4 33. Qxg4 Qe4+ 34. f3 Qxd4) 30... Qe4 (30...
Re4 $2 31. Rdg1 Bxd4 32. Qg3 $40) 31. Rg3 $1 (31. Kg2 Bxd4 32. Qxe4 Rxe4 33.
Ng5 (33. f3 Re2+ 34. Kf1 Rxh2 $19) 33... Rexf4 34. Rxf4 Rxf4 35. Ne6 Rxf2+ 36.
Kg3 Be3 37. Rd3 d4 38. Nxd4 Bxd4 39. Rxd4 Rf7 $17) 31... Qxf3+ (31... Bxd4 32.
Qxe4 Rxe4 33. f3) 32. Rxf3 Re4 33. Rfd3 Bh6 34. Re3 $1 Bxf4 (34... Rfe8 $2 35.
Rde1 Bg7 36. Ng5) 35. Rxe4 dxe4 36. d5 (36. Re1 Bd2 37. Rxe4 Bxb4 38. d5 a5 39.
dxc6 bxc6 $10) 36... cxd5 37. Rxd5 e3 38. fxe3 Bxe3 39. Rd7 $138 (39. Rd3 Re8
40. Kg2 b5 41. axb5 Re5 $10) 39... b5 40. axb5 (40. a5 Rf5) 40... Rf5 41. Re7 {
Ftacnik,L} (41. Re7 Bb6 42. Kg2 Rxb5 43. Re4 $10) 1/2-1/2

[Event "United Insurance 5th"]
[Site "Dhaka"]
[Date "2001.02.21"]
[Round "3"]
[White "Barsov, Alexei"]
[Black "Hossain, Enamul"]
[Result "0-1"]
[WhiteElo "2500"]
[BlackElo "2323"]
[Annotator "Ftacnik,L"]
[PlyCount "94"]
[EventDate "2001.02.19"]
[EventType "tourn"]
[EventRounds "13"]
[EventCountry "BAN"]
[EventCategory "8"]
[SourceTitle "CBM 082"]
[Source "ChessBase"]
[SourceDate "2001.05.17"]
[SourceVersion "1"]
[SourceVersionDate "2001.05.17"]
[SourceQuality "1"]

1. d4 Nf6 2. c4 g6 3. Nc3 d5 4. Nf3 Bg7 5. Bg5 Ne4 6. cxd5 Nxg5 7. Nxg5 e6 8.
Qd2 exd5 9. Qe3+ Kf8 10. Qf4 Bf6 11. h4 h6 12. Nxd5 Bxg5 13. Qe5 Rh7 14. hxg5
Nc6 15. Qe4 Bf5 16. Qf3 Nxd4 17. Qa3+ Kg7 18. Ne3 hxg5 19. Rxh7+ Kxh7 20. O-O-O
Qf6 21. Qc3 c5 22. Nxf5 Qxf5 23. e3 Nc6 (23... Rc8 24. Bd3 Qg4 25. f3 Nxf3 26.
gxf3 Qxf3 27. Qe5 g4 28. Rf1 c4 29. Be2 {1-0 Cifuentes Parada,R-Peelen,P/NED/
2000/ (29)}) 24. Bd3 (24. Ba6 Kg8 25. g4 (25. Bxb7 Nb4 26. Qc4 Rb8 27. Bf3 g4
28. Bxg4 Qxf2 $15) 25... Qxg4 26. Qf6 bxa6 27. Qxc6 Qc4+ 28. Kb1 Rb8 29. Qf6
Qe4+ 30. Kc1 Qc4+ 31. Kb1 {1/2-1/2 Skembris,S-Smejkal,J/Thessaloniki 1988/ (31)
}) 24... Qe5 25. Qxe5 (25. Be4 Rd8 26. Rh1+ Kg7 27. Bxc6 Qxc3+ 28. bxc3 bxc6
$15) 25... Nxe5 26. Be4 c4 {The position is nearly equal, but white can hope
to exploit the exposed c4 pawn.} (26... Rb8 27. Rd5 Ng4 28. Rd7 Kg7 29. Bd5 Ne5
30. Rc7 $11) 27. Bxb7 Rb8 28. Be4 (28. Bd5 Nd3+ 29. Kc2 Rxb2+ 30. Kc3 Rxf2 $15)
28... f5 29. Bc2 (29. f4 Ng4 30. Rd7+ Kh6 31. Bf3 Nxe3 32. fxg5+ Kxg5 33. Rxa7
Kf4 $15) 29... Rb7 (29... g4 30. Rd5 Re8 31. Kd2 $14) 30. f3 (30. Rd5 $5 Ng4
31. Rd2 Kg7 32. Bd1 Ne5 33. Be2 g4 34. Rd4 $14) 30... Kg7 31. Rd5 Re7 32. Rd4 (
32. Kd2 f4 33. Be4 $14) 32... Rc7 33. Kd2 Kh6 34. Kc3 Re7 35. e4 $6 (35. Rd2
Kh5 $13) 35... f4 $1 (35... fxe4 $2 36. Bxe4 $16) 36. Bd1 Kh5 (36... g4 $5 37.
fxg4 Kg5 38. Be2 Kh4 39. g5 Kg3 40. Bf1 Nf7 $132) 37. Rd5 Kh4 38. Be2 Kg3 39.
Kd4 Nf7 40. Kxc4 (40. e5 Kxg2 41. Ke4 Kg3 42. Bxc4 g4 43. fxg4 f3 $17) 40...
Kxg2 {[%mdl 4096] Black has achieved a lot in his counterplay, kingside pawns
are ready to break through and run towards queening squares.} 41. Kd4 Kf2 42.
Bd1 Ke1 43. Kc5 Re5 $1 44. Rxe5 (44. Bc2 Ke2 45. Kc6 Re7 (45... Kxf3 46. Rd7
Nh6 47. Rxa7 g4 48. Rh7 Ng8) 46. Bd1+ Ke3 47. Ra5 g4 48. fxg4 Kxe4 $17) 44...
Nxe5 45. Kd5 (45. Ba4 Nxf3 46. Kd5 g4 47. e5 Ng5 48. e6 Nxe6 49. Kxe6 f3 $19)
45... g4 46. fxg4 (46. Kxe5 g3 47. Kxf4 g2 $19) 46... Kxd1 47. Kxe5 f3 0-1